| 000 | 00833nam a2200229Ii 4500 | ||
|---|---|---|---|
| 003 | JO-AjNU | ||
| 008 | 230605s9999||||xx |||||||||||||| ||und|| | ||
| 017 | _a2008/12/4099 | ||
| 020 | _a978-9957-74-013-9 | ||
| 040 |
_aJO-AjNU _bara _erda _cJO-AjNU |
||
| 041 | _aara | ||
| 050 | 1 | 4 | _aJQ1825.J673.T48.2008 |
| 100 | 3 |
_a الثبيتات ، قاسم جميل , _eauthor _950221 |
|
| 245 | 0 | 0 | _aالإخوان المسلمون في الأردن (1945-1997) : دراسة حالة |
| 250 | _aط1 | ||
| 264 | 3 | 1 | _aعمان : دار كنوز المعرفة العلمية ، 2008 |
| 300 | _a191ص | ||
| 336 |
_atext _btxt _2rdacontent |
||
| 337 |
_aunmediated _bn _2rdamedia |
||
| 338 |
_avolume _bnc _2rdacarrier |
||
| 650 | 4 |
_aالدعوة الإسلامية -- الأردن -- الإخوان المسلمون (الأردن) _950222 |
|
| 999 |
_aA22109 _c25677 _d25677 |
||